Toutes les communes de la CC Artagnan en Fezensac sur une carte - Statistiques

Statistiques générales
  • Ce quiz a été pris 4 fois
  • Le résultat moyen est 8 sur 25
Réponses sur la Carte
Les réponses sont colorées sur une échelle allant du rouge au vert en fonction du pourcentage des utilisateurs qui les ont devinées à leur premier essai. Vous pouvez retrouver ces pourcentages ci-dessous.
 
Statistiques - réponses
Commune Nombre d'habitants % Correct
Vic-Fezensac 3 578
100%
Castillon-Debats 333
50%
Cazaux-d'Anglès 112
50%
Justian 107
50%
Lupiac 310
50%
Marambat 424
50%
Roquebrune 208
50%
Saint-Arailles 137
50%
Bazian 103
25%
Belmont 150
25%
Caillavet 166
25%
Mirannes 64
25%
Mourède 70
25%
Peyrusse-Grande 149
25%
Peyrusse-Vieille 64
25%
Préneron 119
25%
Riguepeu 164
25%
Roques 105
25%
Saint-Pierre-d'Aubézies 59
25%
Tudelle 56
25%
Bezolles 132
0%
Callian 53
0%
Gazax-et-Baccarisse 69
0%
Rozès 113
0%
Saint-Paul-de-Baïse 108
0%
Aucun quiz correspondant
Distribution des résultats
% des personnes avec chaque résultat
Percentile par nombre de réponses
Votre historique - résultats
Vous n’avez pas pris ce quiz